[Event "Muensterland Verbandsliga 1718"]
[Site "Germany"]
[Date "2018.03.03"]
[Round "7.4"]
[White "Engelkamp, Stephan"]
[Black "Arning, Marcus"]
[Result "0-1"]
[WhiteElo "1917"]
[BlackElo "1893"]
[PlyCount "48"]
[EventDate "2017.09.09"]
[EventType "team-tourn"]
[EventRounds "9"]
[EventCountry "GER"]
[SourceTitle "EXT 2019"]
[Source "ChessBase"]
[SourceDate "2018.10.10"]
[SourceVersion "1"]
[SourceVersionDate "2018.10.10"]
[SourceQuality "1"]
[WhiteTeam "Olfen"]
[BlackTeam "Steinfurt"]
[WhiteTeamCountry "GER"]
[BlackTeamCountry "GER"]

1. c4 e5 2. Nc3 Nc6 3. g3 Bc5 4. Bg2 d6 5. a3 a5 6. e3 Bf5 7. d3 Nge7 8. Nge2 0-0 9. 0-0 Qd7 10. d4 Ba7 11. Re1 Bg4 12. Qa4 Qf5 13. d5 Nb8 14. Be4 Qh5 15. Qc2 Nd7 16. b4 Nf6 17. Bg2 Bf3 18. Nb5 axb4 19. axb4 Bb6 20. Bb2 Rxa1 21. Bxa1 Ra8 22. Bb2 Ne4 23. Nec3 Ng5 24. Na4 Bxg2 0-1

[Event "Muensterland Verbandsliga 1516"]
[Site "Germany"]
[Date "2016.05.21"]
[Round "9.4"]
[White "Steiner, Karl"]
[Black "Engelkamp, Stephan"]
[Result "1-0"]
[WhiteElo "1903"]
[BlackElo "1886"]
[PlyCount "101"]
[EventDate "2015.09.12"]
[EventType "team"]
[EventRounds "9"]
[EventCountry "GER"]
[SourceTitle "EXT 2017"]
[Source "ChessBase"]
[SourceDate "2016.10.25"]
[SourceVersion "1"]
[SourceVersionDate "2016.10.25"]
[SourceQuality "1"]
[WhiteTeam "Bocholt"]
[BlackTeam "Olfen"]
[WhiteTeamCountry "GER"]
[BlackTeamCountry "GER"]

1. Nf3 g6 2. d4 Nf6 3. g3 Bg7 4. Bg2 0-0 5. 0-0 d6 6. c4 c6 7. Nc3 a5 8. b3 Na6 9. Bb2 Rb8 10. h3 Qc7 11. Rc1 Re8 12. e4 Bh6 13. Rc2 Nb4 14. Re2 e5 15. a3 Na6 16. Qc2 Bd7 17. Rd1 Rbd8 18. d5 c5 19. Nb5 Bxb5 20. cxb5 Nb8 21. Nd2 Nbd7 22. Nc4 b6 23. a4 Bg7 24. h4 Nh5 25. Bh3 Rf8 26. Bc1 h6 27. Be3 Kh7 28. Kh2 Nhf6 29. f3 Ng8 30. Bg4 Ndf6 31. Bh3 Nd7 32. Rh1 Ne7 33. g4 Ng8 34. Kg1 Ne7 35. Qd2 Rg8 36. Rf2 Rgf8 37. Kh2 Qb8 38. Rhf1 Qc7 39. Kh1 Ng8 40. g5 h5 41. Qe2 Rb8 42. Bd2 Rbd8 43. Bc3 Ne7 44. Qb2 f5 45. f4 fxe4 46. fxe5 Nxd5 47. exd6 Qb7 48. Bxg7 Rxf2 49. Qxf2 Kxg7 50. Qf7+ Kh8 51. Ne5 1-0

[Event "Muensterland Verbandsliga 1516"]
[Site "Germany"]
[Date "2016.03.05"]
[Round "7.5"]
[White "Bissen, Philippe"]
[Black "Engelkamp, Stephan"]
[Result "0-1"]
[WhiteElo "1696"]
[BlackElo "1886"]
[PlyCount "62"]
[EventDate "2015.09.12"]
[EventType "team"]
[EventRounds "9"]
[EventCountry "GER"]
[SourceTitle "EXT 2017"]
[Source "ChessBase"]
[SourceDate "2016.10.25"]
[SourceVersion "1"]
[SourceVersionDate "2016.10.25"]
[SourceQuality "1"]
[WhiteTeam "Muenster SK V"]
[BlackTeam "Olfen"]
[WhiteTeamCountry "GER"]
[BlackTeamCountry "GER"]

1. d4 Nf6 2. c4 c5 3. Nf3 e6 4. e3 b6 5. Bd3 Bb7 6. 0-0 Qc7 7. h3 d6 8. Nc3 a6 9. a4 Nbd7 10. Re1 Rc8 11. Ng5 Be7 12. Nge4 0-0 13. Qc2 Rfe8 14. Nxf6+ Nxf6 15. Bd2 h6 16. Rac1 Bf8 17. Ne4 Nd7 18. Ng3 Qb8 19. Qb3 Qa8 20. f3 Be7 21. Re2 Bh4 22. Ne4 Be7 23. Nf2 Nf6 24. Ng4 Nh5 25. Be1 cxd4 26. Qxb6 dxe3 27. Qxe3 Bg5 28. Qf2 Bxc1 29. Qh4 Nf4 30. Nxh6+ gxh6 31. Rc2 Nxd3 0-1

[Event "Muensterland Verbandsliga 1516"]
[Site "Germany"]
[Date "2016.01.16"]
[Round "5.6"]
[White "Engelkamp, Stephan"]
[Black "Rickert, Berthold"]
[Result "1-0"]
[WhiteElo "1886"]
[BlackElo "1803"]
[PlyCount "119"]
[EventDate "2015.09.12"]
[EventType "team"]
[EventRounds "9"]
[EventCountry "GER"]
[SourceTitle "EXT 2017"]
[Source "ChessBase"]
[SourceDate "2016.10.25"]
[SourceVersion "1"]
[SourceVersionDate "2016.10.25"]
[SourceQuality "1"]
[WhiteTeam "Olfen"]
[BlackTeam "Borken"]
[WhiteTeamCountry "GER"]
[BlackTeamCountry "GER"]

1. c4 g6 2. Nc3 Bg7 3. d4 d6 4. e4 Nd7 5. Be3 e5 6. d5 Ne7 7. g4 Nf6 8. f3 h5 9. g5 Nd7 10. h4 0-0 11. Qd2 Nb6 12. c5 dxc5 13. Bxc5 Bd7 14. a4 a6 15. a5 Nbc8 16. Nge2 Nd6 17. Ng3 Re8 18. Bd3 Nb5 19. Nxb5 Bxb5 20. Bxb5 axb5 21. Rd1 Nc8 22. 0-0 Nd6 23. b3 Qd7 24. Kh2 Ra6 25. Rc1 Rea8 26. Bb4 b6 27. axb6 Rxb6 28. Rc2 Ne8 29. Rfc1 Rba6 30. Nh1 Bf8 31. Nf2 Bd6 32. Nd3 Qe7 33. Nc5 Ra1 34. Rxa1 Rxa1 35. Qe2 f6 36. Qxb5 fxg5 37. hxg5 Kf7 38. Rg2 Rc1 39. Nd3 Rb1 40. Qc4 Rf1 41. Ne1 Bxb4 42. Qxf1 Bc3 43. Nc2 Nd6 44. Qd3 Ba5 45. b4 Bb6 46. Ne3 Kg7 47. Nc4 Nxc4 48. Qxc4 Qf8 49. Qc3 Qf4+ 50. Kh3 Kg8 51. d6 Qf7 52. dxc7 Bxc7 53. Rc2 Bd6 54. Qc4 Bxb4 55. Qxb4 Qxf3+ 56. Kh2 Qf4+ 57. Kg2 Qxg5+ 58. Kf2 Qf4+ 59. Ke2 h4 60. Rc8+ 1-0

[Event "Muensterland Regionalliga 1314"]
[Site "Germany"]
[Date "2013.12.07"]
[Round "4.6"]
[White "Janz, Stefan"]
[Black "Engelkamp, Stephan"]
[Result "0-1"]
[WhiteElo "1887"]
[BlackElo "1861"]
[PlyCount "62"]
[EventDate "2013.09.07"]
[EventType "team-tourn"]
[EventRounds "9"]
[EventCountry "GER"]
[SourceTitle "EXT 2015"]
[Source "ChessBase"]
[SourceDate "2014.11.20"]
[SourceVersion "1"]
[SourceVersionDate "2014.11.20"]
[SourceQuality "1"]
[WhiteTeam "Sendenhorst"]
[BlackTeam "Olfen"]
[WhiteTeamCountry "GER"]
[BlackTeamCountry "GER"]

1. d4 Nf6 2. Nf3 e6 3. c4 c5 4. e3 b6 5. Nc3 a6 6. d5 exd5 7. Nxd5 Bb7 8. Nc3 d6 9. Bd3 g6 10. e4 Bg7 11. 0-0 0-0 12. h3 Nh5 13. g4 Nf6 14. Bf4 h5 15. g5 Ne8 16. Nh4 Nc6 17. Qd2 Qd7 18. Kh2 Rd8 19. Rfe1 Nd4 20. Re3 Nc7 21. Rg3 Rfe8 22. Ng2 b5 23. Re1 bxc4 24. Bxc4 d5 25. exd5 Nxd5 26. Nxd5 Bxd5 27. Rxe8+ Rxe8 28. Bxd5 Qxd5 29. Ne1 Re2 30. Qc1 Rxf2+ 31. Rg2 Rxf4 0-1

[Event "Muensterland Verbandsklasse-A 1213"]
[Site "Germany"]
[Date "2013.05.11"]
[Round "9.5"]
[White "Miethe, Christoph"]
[Black "Engelkamp, Stephan"]
[Result "0-1"]
[WhiteElo "1641"]
[BlackElo "1874"]
[PlyCount "130"]
[EventDate "2012.09.15"]
[EventType "team-tourn"]
[EventRounds "9"]
[EventCountry "GER"]
[SourceTitle "EXT 2015"]
[Source "ChessBase"]
[SourceDate "2014.11.20"]
[SourceVersion "1"]
[SourceVersionDate "2014.11.20"]
[SourceQuality "1"]
[WhiteTeam "Neuenkirchen II"]
[BlackTeam "Olfen"]
[WhiteTeamCountry "GER"]
[BlackTeamCountry "GER"]

1. e4 c5 2. c3 Nf6 3. e5 Nd5 4. Nf3 e6 5. d4 cxd4 6. cxd4 b6 7. Bd3 Bb4+ 8. Bd2 Bxd2+ 9. Qxd2 Ba6 10. Bxa6 Nxa6 11. a3 0-0 12. 0-0 f5 13. exf6 Rxf6 14. Nc3 Nac7 15. Nxd5 Nxd5 16. Rac1 Qe7 17. Ne5 Raf8 18. g3 Qe8 19. Qe2 d6 20. Nd3 Rf3 21. Ne1 R3f5 22. Ng2 Rg5 23. f4 Rg6 24. f5 Rgf6 25. fxe6 Qxe6 26. Qxe6+ Rxe6 27. Rxf8+ Kxf8 28. Rc8+ Ke7 29. Kf2 Re4 30. Rc4 b5 31. Kf3 bxc4 32. Kxe4 Ke6 33. Ne1 Nf6+ 34. Kf4 Kd5 35. Nc2 a5 36. h3 Ne8 37. Ke3 Nc7 38. Ne1 Ne6 39. Nf3 a4 40. g4 h6 41. h4 g6 42. g5 h5 43. Nd2 Nxd4 44. Kf4 Nf5 45. Nb1 Kc6 46. Nd2 d5 47. Nf3 Kd6 48. Ne5 Nxh4 49. Nf7+ Ke7 50. Ne5 Ke6 51. Nc6 Nf5 52. Ne5 h4 53. Nf3 d4 54. Kg4 c3 55. bxc3 dxc3 56. Ne1 Ke5 57. Nd3+ Kd4 58. Nf4 c2 59. Ne2+ Ke3 60. Nc1 Kd2 61. Na2 c1Q 62. Nxc1 Kxc1 63. Kf4 Kd2 64. Ke5 h3 65. Kf6 Nh4 0-1

[Event "Muensterland Verbandsklasse-A 1213"]
[Site "Germany"]
[Date "2013.01.26"]
[Round "5.4"]
[White "Janning, Rainer"]
[Black "Engelkamp, Stephan"]
[Result "1-0"]
[WhiteElo "1907"]
[BlackElo "1874"]
[PlyCount "95"]
[EventDate "2012.09.15"]
[EventType "team-tourn"]
[EventRounds "9"]
[EventCountry "GER"]
[SourceTitle "EXT 2015"]
[Source "ChessBase"]
[SourceDate "2014.11.20"]
[SourceVersion "1"]
[SourceVersionDate "2014.11.20"]
[SourceQuality "1"]
[WhiteTeam "Steinfurt"]
[BlackTeam "Olfen"]
[WhiteTeamCountry "GER"]
[BlackTeamCountry "GER"]

1. f4 Nf6 2. Nf3 e6 3. b3 b6 4. Bb2 Bb7 5. e3 Be7 6. Be2 0-0 7. 0-0 d5 8. Qe1 Nbd7 9. Qg3 c5 10. Ne5 d4 11. Bd3 Ne4 12. Bxe4 Bxe4 13. Nxd7 Qxd7 14. d3 Bb7 15. Nd2 f5 16. Rae1 Rae8 17. e4 Rf6 18. Nc4 Rh6 19. Re2 Qd8 20. Qe1 fxe4 21. dxe4 Ba6 22. f5 Bh4 23. g3 Bf6 24. Bc1 Bg5 25. Bxg5 Qxg5 26. fxe6 Rhxe6 27. Rf4 b5 28. Nb2 c4 29. Qb4 Qe7 30. Qxe7 R6xe7 31. bxc4 bxc4 32. Nd1 Rb7 33. Rd2 d3 34. cxd3 cxd3 35. Kf2 Rbe7 36. Ke3 Bb7 37. Nf2 g5 38. Rf3 Ba6 39. Rf5 h6 40. Rf6 Bb7 41. Rxh6 Kg7 42. Rd6 Rh8 43. h3 Rhe8 44. Rd4 Rf7 45. Nxd3 Rh8 46. Nf2 Bc6 47. Rd8 Rh6 48. R8d6 1-0

[Event "Muensterland Verbandsklasse-A 0910"]
[Site "Germany"]
[Date "2010.04.24"]
[Round "9.6"]
[White "Miemietz, Carsten"]
[Black "Engelkamp, Stephan"]
[Result "0-1"]
[WhiteElo "1715"]
[BlackElo "1874"]
[PlyCount "102"]
[EventDate "2009.09.19"]
[EventType "team-tourn"]
[EventRounds "9"]
[EventCountry "GER"]
[SourceTitle "EXT 2011"]
[Source "ChessBase"]
[SourceDate "2010.11.26"]
[SourceVersion "1"]
[SourceVersionDate "2010.11.26"]
[SourceQuality "1"]
[WhiteTeam "Muenster SK IV"]
[BlackTeam "Olfen"]
[WhiteTeamCountry "GER"]
[BlackTeamCountry "GER"]

1. c4 c5 2. Nc3 Nc6 3. Nf3 g6 4. g3 Bg7 5. Bg2 e5 6. d3 Nge7 7. 0-0 0-0 8. Ng5 d6 9. f4 Rb8 10. Rb1 f6 11. Nge4 Be6 12. a3 a6 13. Kh1 b6 14. b4 cxb4 15. axb4 d5 16. cxd5 Nxd5 17. b5 axb5 18. Nxb5 exf4 19. Bxf4 Nxf4 20. Rxf4 Bh6 21. Rxf6 Rxf6 22. Nxf6+ Qxf6 23. Bxc6 Ba2 24. Bf3 Bxb1 25. Qxb1 Rc8 26. Qb3+ Kh8 27. Qd5 Be3 28. Nd6 Rc1+ 29. Kg2 h5 30. Qa8+ Kh7 31. Qb7+ Kg8 32. Qa8+ Qf8 33. Qd5+ Kh7 34. Qb7+ Qg7 35. Qe4 Rg1+ 36. Kh3 Qd7+ 37. g4 Bc5 38. Nc4 hxg4+ 39. Bxg4 Qd4 40. Qxd4 Bxd4 41. e3 Bc5 42. Bd7 Rb1 43. d4 Be7 44. Kg3 b5 45. Nd2 Rb2 46. Ne4 b4 47. d5 b3 48. d6 Bxd6+ 49. Nxd6 Rd2 50. Be6 b2 51. Nc4 b1Q 0-1

[Event "Muensterland Verbandsklasse-A 0910"]
[Site "Germany"]
[Date "2010.01.09"]
[Round "5.6"]
[White "Gerighausen, Karl Heinz"]
[Black "Engelkamp, Stephan"]
[Result "0-1"]
[WhiteElo "1718"]
[BlackElo "1874"]
[PlyCount "70"]
[EventDate "2009.09.19"]
[EventType "team-tourn"]
[EventRounds "9"]
[EventCountry "GER"]
[SourceTitle "EXT 2011"]
[Source "ChessBase"]
[SourceDate "2010.11.26"]
[SourceVersion "1"]
[SourceVersionDate "2010.11.26"]
[SourceQuality "1"]
[WhiteTeam "Ibbenbueren"]
[BlackTeam "Olfen"]
[WhiteTeamCountry "GER"]
[BlackTeamCountry "GER"]

1. e4 c5 2. Nf3 d6 3. d4 cxd4 4. Nxd4 Nf6 5. Nc3 a6 6. Be2 e5 7. Nb3 Be7 8. 0-0 Nbd7 9. Kh1 0-0 10. Be3 Qc7 11. Bd3 b5 12. a3 Bb7 13. Qe2 d5 14. exd5 Nxd5 15. Nxd5 Bxd5 16. Nd2 Nf6 17. f3 Be6 18. Bg5 Rfe8 19. Qf2 Rad8 20. Qh4 Rd4 21. g4 Bxg4 22. Ne4 Bf5 23. Bxf6 Bxf6 24. Nxf6+ gxf6 25. Rg1+ Bg6 26. Qh6 Rf4 27. Rg3 f5 28. Rag1 e4 29. fxe4 fxe4 30. Be2 Rf2 31. Qe3 Qf4 32. h4 Qxh4+ 33. Rh3 Rxe2 34. Rxg6+ hxg6 35. Qb3 Qe1# 0-1

[Event "Muensterland Verbandsklasse-A 0910"]
[Site "Germany"]
[Date "2009.09.19"]
[Round "1.5"]
[White "Engelkamp, Stephan"]
[Black "Grotenhuis, Gerard"]
[Result "0-1"]
[WhiteElo "1874"]
[BlackElo "1949"]
[PlyCount "72"]
[EventDate "2009.09.19"]
[EventType "team-tourn"]
[EventRounds "9"]
[EventCountry "GER"]
[SourceTitle "EXT 2011"]
[Source "ChessBase"]
[SourceDate "2010.11.26"]
[SourceVersion "1"]
[SourceVersionDate "2010.11.26"]
[SourceQuality "1"]
[WhiteTeam "Olfen"]
[BlackTeam "Gronau"]
[WhiteTeamCountry "GER"]
[BlackTeamCountry "GER"]

1. c4 f5 2. Nc3 Nf6 3. g3 e6 4. Bg2 d5 5. d3 d4 6. Nb1 c5 7. Nh3 e5 8. Bg5 Nbd7 9. Qa4 a6 10. 0-0 Rb8 11. e3 h6 12. Bxf6 Qxf6 13. exd4 cxd4 14. f4 e4 15. dxe4 fxe4 16. Bxe4 b5 17. Qc2 Bc5 18. Bg6+ Kd8 19. Nf2 bxc4 20. Be4 d3 21. Qxc4 Qxb2 22. Nc3 Bxf2+ 23. Kh1 Bb7 24. Nd5 Bxd5 25. Qxd5 Qd4 26. Rad1 Re8 27. Qa5+ Qb6 28. Qd5 Qd4 29. Qa5+ Rb6 30. Bxd3 Qc5 31. Bf5 Re7 32. Qa4 Qxf5 33. Rxf2 Qe4+ 34. Qxe4 Rxe4 35. Rc2 Rbe6 36. Rdd2 Ke7 0-1

[Event "Muensterland Verbandsliga 0809"]
[Site "Germany"]
[Date "2009.01.31"]
[Round "6.7"]
[White "Engelkamp, Stephan"]
[Black "Kleinwaechter, Matthias"]
[Result "0-1"]
[WhiteElo "1847"]
[BlackElo "1994"]
[PlyCount "86"]
[EventDate "2008.09.20"]
[EventType "team-tourn"]
[EventRounds "9"]
[EventCountry "GER"]
[SourceTitle "EXT 2010"]
[Source "ChessBase"]
[SourceDate "2010.11.25"]
[SourceVersion "1"]
[SourceVersionDate "2010.11.25"]
[SourceQuality "1"]
[WhiteTeam "Olfen"]
[BlackTeam "Saerbeck"]
[WhiteTeamCountry "GER"]
[BlackTeamCountry "GER"]

1. c4 c6 2. Nf3 d5 3. g3 Nf6 4. Bg2 Bf5 5. 0-0 e6 6. d3 Nbd7 7. Nh4 Bg6 8. Nxg6 hxg6 9. Nc3 Be7 10. Rb1 dxc4 11. dxc4 Nb6 12. Qc2 Qd4 13. Rd1 Qxc4 14. b3 Qc5 15. b4 Qc4 16. b5 Nfd5 17. Rd3 Nb4 18. Qd2 Nxd3 19. exd3 Qc5 20. bxc6 bxc6 21. d4 Qd6 22. Ne4 Qd7 23. Qa5 0-0 24. Bb2 Nc4 25. Qc3 Nxb2 26. Rxb2 Rab8 27. Rc2 Rb1+ 28. Bf1 Rd8 29. Qxc6 Qxc6 30. Rxc6 Rxd4 31. Nc3 Rc1 32. Ne2 Rxc6 33. Nxd4 Rc1 34. Kg2 a5 35. a4 g5 36. Nb3 Rc2 37. Nd4 Ra2 38. Bb5 Bc5 39. Ne2 g4 40. f3 gxf3+ 41. Kxf3 Kf8 42. h3 Ke7 43. g4 g5 0-1

[Event "Muensterland Verbandsliga 0708"]
[Site "Germany"]
[Date "2008.04.05"]
[Round "8.4"]
[White "Engelkamp, Stephan"]
[Black "Schmeing, Walter"]
[Result "0-1"]
[WhiteElo "1886"]
[BlackElo "2059"]
[PlyCount "68"]
[EventDate "2007.09.08"]
[EventType "team"]
[EventRounds "9"]
[EventCountry "GER"]
[SourceTitle "EXT 2009"]
[Source "ChessBase"]
[SourceDate "2008.11.26"]
[SourceVersion "1"]
[SourceVersionDate "2008.11.26"]
[SourceQuality "1"]
[WhiteTeam "Olfen"]
[BlackTeam "Suedlohn"]
[WhiteTeamCountry "GER"]
[BlackTeamCountry "GER"]

1. c4 e5 2. g3 Nf6 3. Bg2 Nc6 4. Nc3 Bb4 5. Nd5 Bc5 6. Nf3 d6 7. 0-0 0-0 8. a3 a5 9. d3 h6 10. Bd2 Nxd5 11. cxd5 Ne7 12. b4 axb4 13. axb4 Rxa1 14. Qxa1 Bb6 15. e4 c6 16. d4 cxd5 17. exd5 e4 18. Ne1 Bg4 19. Nc2 Bf3 20. Qa2 Bxg2 21. Kxg2 Nf5 22. Re1 Re8 23. Qa4 Kf8 24. b5 Qf6 25. Be3 Ne7 26. Qb3 Qf3+ 27. Kg1 Nf5 28. Qc3 Ra8 29. Na3 Ba5 30. Qc1 Bxe1 31. Qxe1 Rxa3 32. Qc1 Ra8 33. Qc7 Nxe3 34. Qxd6+ Kg8 0-1

[Event "Muensterland Verbandsliga 0708"]
[Site "Germany"]
[Date "2008.02.09"]
[Round "6.5"]
[White "Junker, Axel"]
[Black "Engelkamp, Stephan"]
[Result "0-1"]
[WhiteElo "1840"]
[BlackElo "1886"]
[PlyCount "70"]
[EventDate "2007.09.08"]
[EventType "team"]
[EventRounds "9"]
[EventCountry "GER"]
[SourceTitle "EXT 2009"]
[Source "ChessBase"]
[SourceDate "2008.11.26"]
[SourceVersion "1"]
[SourceVersionDate "2008.11.26"]
[SourceQuality "1"]
[WhiteTeam "Telgte"]
[BlackTeam "Olfen"]
[WhiteTeamCountry "GER"]
[BlackTeamCountry "GER"]

1. c4 e5 2. Nc3 Nc6 3. Nf3 g6 4. d4 exd4 5. Nxd4 Bg7 6. e3 Nge7 7. Be2 d6 8. 0-0 0-0 9. b3 Nxd4 10. exd4 Nf5 11. Be3 c5 12. Nd5 cxd4 13. Bf4 d3 14. Bxd3 Bxa1 15. Qxa1 f6 16. Re1 Rf7 17. h3 Ng7 18. Bh6 Bf5 19. Bf1 g5 20. g4 Bd7 21. f4 Ne6 22. f5 Nf4 23. Nxf4 Qb6+ 24. Kh1 gxf4 25. Bg2 Bc6 26. Bxf4 Bxg2+ 27. Kxg2 Qc6+ 28. Kg3 Re8 29. Rxe8+ Qxe8 30. Bxd6 Qe3+ 31. Kh4 h5 32. Qd1 hxg4 33. Qxg4+ Rg7 34. Qf4 Rh7+ 35. Kg4 Qxh3# 0-1

[Event "Muensterland Verbandsliga 0708"]
[Site "Germany"]
[Date "2007.11.03"]
[Round "3.5"]
[White "Robeling, Stephan"]
[Black "Engelkamp, Stephan"]
[Result "1-0"]
[WhiteElo "1860"]
[BlackElo "1886"]
[PlyCount "91"]
[EventDate "2007.09.08"]
[EventType "team"]
[EventRounds "9"]
[EventCountry "GER"]
[SourceTitle "EXT 2009"]
[Source "ChessBase"]
[SourceDate "2008.11.26"]
[SourceVersion "1"]
[SourceVersionDate "2008.11.26"]
[SourceQuality "1"]
[WhiteTeam "Bocholt"]
[BlackTeam "Olfen"]
[WhiteTeamCountry "GER"]
[BlackTeamCountry "GER"]

1. d4 Nf6 2. Nf3 e6 3. c4 c5 4. d5 exd5 5. cxd5 d6 6. Nc3 g6 7. h3 Qe7 8. Bf4 a6 9. a4 Bg7 10. Nd2 Nbd7 11. Nc4 Ne5 12. Bxe5 dxe5 13. e4 0-0 14. Bd3 Rb8 15. a5 Ne8 16. Na4 f5 17. Qb3 Kh8 18. Qb6 fxe4 19. Bc2 Qg5 20. g3 Qf5 21. Qxc5 Qf3 22. Rh2 Bd7 23. Qe3 Bb5 24. Bxe4 Qf6 25. b3 Rd8 26. Nc5 Nc7 27. Rd1 Rb8 28. f3 Rf7 29. Rhd2 Bf8 30. d6 Ne6 31. Nxe6 Qxe6 32. Bd5 Qxh3 33. Bxf7 Qxg3+ 34. Qf2 Qf4 35. Bd5 Bh6 36. Qh2 Qf8 37. Re2 Bf4 38. Qh4 Re8 39. Bxb7 Qf7 40. Bd5 Qf5 41. Qg4 Qf6 42. Be4 Rd8 43. Rc2 Bd7 44. Qg2 Qh4+ 45. Ke2 Bh3 46. Rh1 1-0

[Event "Muensterland Verbandsliga 0607"]
[Site "Germany"]
[Date "2007.04.14"]
[Round "8.3"]
[White "Haves, Reinhard"]
[Black "Engelkamp, Stephan"]
[Result "1-0"]
[WhiteElo "2199"]
[BlackElo "1789"]
[PlyCount "125"]
[EventDate "2006.09.16"]
[EventType "team"]
[EventRounds "9"]
[EventCountry "GER"]
[SourceTitle "EXT 2008"]
[Source "ChessBase"]
[SourceDate "2007.11.25"]
[SourceVersion "1"]
[SourceVersionDate "2007.11.25"]
[SourceQuality "1"]
[WhiteTeam "Neuenkirchen"]
[BlackTeam "Olfen"]
[WhiteTeamCountry "GER"]
[BlackTeamCountry "GER"]

1. Nf3 c5 2. c4 Nf6 3. Nc3 Nc6 4. d4 cxd4 5. Nxd4 e6 6. Ndb5 d5 7. cxd5 Nxd5 8. Nxd5 exd5 9. Qxd5 Bb4+ 10. Bd2 Be6 11. Qxd8+ Rxd8 12. Nc3 0-0 13. e3 Ne5 14. a3 Be7 15. Nb5 Nc6 16. Bc3 Bb3 17. Nd4 Nxd4 18. Bxd4 Rc8 19. Bd3 Bc5 20. Bc3 Rcd8 21. Ke2 Rd5 22. Rhc1 Re8 23. Bb4 Bd4 24. Bc3 Bc5 25. Bb4 Bd4 26. Rab1 Ba2 27. Bc4 Bxc4+ 28. Rxc4 Be5 29. Bc3 b5 30. Re4 f5 31. Rxe5 Rdxe5 32. Bxe5 Rxe5 33. Rc1 a5 34. Rc7 Rd5 35. f3 Kf8 36. e4 fxe4 37. fxe4 Rh5 38. h3 Rg5 39. Kf3 h5 40. h4 Rg4 41. Rc5 Rxh4 42. Rxb5 a4 43. Ra5 Kf7 44. Rxa4 g5 45. Ra5 Kf6 46. Rb5 Rf4+ 47. Ke3 Rg4 48. Rf5+ Kg6 49. Kf3 Rh4 50. a4 Rh1 51. a5 Ra1 52. Rb5 g4+ 53. Kf4 Rf1+ 54. Kg3 Re1 55. b4 Ra1 56. Rc5 Ra4 57. Rb5 Ra3+ 58. Kf4 Ra2 59. Rb6+ Kf7 60. Kg3 Re2 61. a6 Rxe4 62. b5 Ra4 63. Rh6 1-0

[Event "Muensterland Verbandsliga 0506"]
[Site "Germany"]
[Date "2006.04.01"]
[Round "9.6"]
[White "Engelkamp, Stephan"]
[Black "Muschik, Benedikt"]
[Result "0-1"]
[WhiteElo "1833"]
[BlackElo "2201"]
[PlyCount "73"]
[EventDate "2005.08.27"]
[EventType "team"]
[EventRounds "9"]
[EventCountry "GER"]
[SourceTitle "EXT 2006"]
[Source "ChessBase"]
[SourceDate "2005.11.24"]
[SourceVersion "1"]
[SourceVersionDate "2005.11.24"]
[SourceQuality "1"]
[WhiteTeam "Olfen"]
[BlackTeam "Muenster II"]
[WhiteTeamCountry "GER"]
[BlackTeamCountry "GER"]

1. c4 g6 2. Nc3 Bg7 3. d4 d6 4. e4 Nc6 5. Nf3 Bg4 6. Be3 e5 7. d5 Nd4 8. Nb5 Nxf3+ 9. gxf3 Bd7 10. c5 a6 11. Na3 Ne7 12. Nc4 Nc8 13. Na5 b6 14. c6 bxa5 15. cxd7+ Qxd7 16. Rc1 0-0 17. h4 Ne7 18. Bd2 a4 19. Ba5 Ra7 20. Qd2 c5 21. dxc6 Nxc6 22. Bb6 Nd4 23. Bxd4 exd4 24. Bc4 Re8 25. Bd5 Rc8 26. Rxc8+ Qxc8 27. b3 axb3 28. axb3 a5 29. Ke2 Rc7 30. Bc4 a4 31. Qf4 axb3 32. Bxb3 d3+ 33. Kf1 Be5 34. Qd2 Rc1+ 35. Kg2 Rxh1 36. Kxh1 Qh3+ 37. Kg1 0-1

[Event "Muensterland Verbandsliga 0506"]
[Site "Germany"]
[Date "2006.02.18"]
[Round "7.6"]
[White "Engelkamp, Stephan"]
[Black "Bickmann, Johannes"]
[Result "0-1"]
[WhiteElo "1833"]
[BlackElo "1842"]
[PlyCount "54"]
[EventDate "2005.08.27"]
[EventType "team"]
[EventRounds "9"]
[EventCountry "GER"]
[SourceTitle "EXT 2006"]
[Source "ChessBase"]
[SourceDate "2005.11.24"]
[SourceVersion "1"]
[SourceVersionDate "2005.11.24"]
[SourceQuality "1"]
[WhiteTeam "Olfen"]
[BlackTeam "Neuenkirchen"]
[WhiteTeamCountry "GER"]
[BlackTeamCountry "GER"]

1. c4 f5 2. Nc3 Nf6 3. g3 g6 4. Bg2 Bg7 5. Nf3 0-0 6. 0-0 d6 7. d4 Qe8 8. b3 e5 9. dxe5 dxe5 10. Ba3 Rf7 11. Qc2 Nc6 12. Rad1 h6 13. Rd2 e4 14. Nd4 e3 15. Bxc6 bxc6 16. fxe3 Qxe3+ 17. Kg2 Ng4 18. Bc5 Qe5 19. Nd1 Qxc5 20. e3 Qe7 21. c5 Ba6 22. Re1 Rd8 23. Qc3 Qe4+ 24. Kg1 Rfd7 25. Nf2 Nxf2 26. Kxf2 Rxd4 27. exd4 Bxd4+ 0-1

[Event "Muensterland Verbandsliga 0506"]
[Site "Germany"]
[Date "2005.09.17"]
[Round "2.6"]
[White "Rothkegel, Juergen"]
[Black "Engelkamp, Stephan"]
[Result "1-0"]
[WhiteElo "1881"]
[BlackElo "1833"]
[PlyCount "74"]
[EventDate "2005.08.27"]
[EventType "team"]
[EventRounds "9"]
[EventCountry "GER"]
[SourceTitle "EXT 2006"]
[Source "ChessBase"]
[SourceDate "2005.11.24"]
[SourceVersion "1"]
[SourceVersionDate "2005.11.24"]
[SourceQuality "1"]
[WhiteTeam "Gronau"]
[BlackTeam "Olfen"]
[WhiteTeamCountry "GER"]
[BlackTeamCountry "GER"]

1. e4 c5 2. Nf3 d6 3. d4 cxd4 4. Nxd4 Nf6 5. Nc3 a6 6. Bg5 e5 7. Nf3 Be6 8. Be2 Nbd7 9. 0-0 h6 10. Be3 Rc8 11. Qd2 b5 12. a3 Be7 13. h3 Nb6 14. Rfd1 Nc4 15. Bxc4 Rxc4 16. Qd3 Qc8 17. Nd2 Rc6 18. Rac1 0-0 19. Nd5 Nxd5 20. exd5 Bf5 21. Ne4 Rc4 22. f3 Bxe4 23. fxe4 f5 24. exf5 Rxf5 25. c3 e4 26. Qe2 Bg5 27. Rc2 Qe8 28. b3 Bxe3+ 29. Qxe3 Rc5 30. c4 bxc4 31. bxc4 Qa4 32. Qxe4 Re5 33. Qd3 Ra5 34. Rc3 Qe8 35. Qg3 Rc5 36. Rb1 Rc8 37. Rb7 Qa4 1-0